[Event "Manx Liberty Masters 2021"]
[Site "Douglas, Isle of Man"]
[Date "2021.09.20"]
[Round "3.1"]
[White "Pert, Richard G"]
[Black "McShane, Luke J"]
[Result "0-1"]
[WhiteElo "2416"]
[BlackElo "2674"]
[Annotator "TA"]
[PlyCount "146"]
[EventDate "2021.09.18"]
[EventType "tourn"]
[EventCountry "GBR"]
[SourceTitle "playchess.com"]
[Source "ChessBase"]
[SourceQuality "1"]

{[%evp 20,146,-7,-8,0,0,0,0,0,-85,-86,-84,-77,-82,-67,-72,-66,-74,-69,-90,-89,-76,-61,-73,7,13,10,11,10,8,15,0,0,0,0,0,0,0,0,0,0,0,5,0,0,0,0,0,0,-20,-8,-10,-3,-61,-61,-117,-118,-122,-112,-106,-108,-92,-10,-10,-12,-30,-8,-8,-8,-8,-8,-8,-8,-8,-8,-18,-18,-18,-8,-8,-8,-8,-8,-8,-8,-143,-143,-143,0,-143,-143,-143,-143,-143,0,-143,-143,-143,-143,-143,-143,-143,-143,-64,-72,-143,-143,-143,-143,-143,-143,-143,-143,-143,-143,-143,-143,-143,-143,-12795,-5994,-29978,-29979,-29983,-29984,-29984,-29985,-29985,-29981]} 1. d4 Nf6 2. Nf3 g6 3. g3 Bg7 4. Bg2 O-O 5. O-O c6 6. c4 d6 7. Nc3 Nbd7 8. b3 Re8 9. Bb2 e5 10. dxe5 dxe5 11. Ng5 Nc5 {E67: King's Indian: Fianchetto: 6...Nbd7.} 12. b4 Qb6 13. bxc5 Qxb2 {The position is equal.} 14. Qb3 {[#]} (14. Nge4 $11) 14... Qxb3 $146 ({Predecessor:} 14... Qd2 15. h4 Qd8 16. Nge4 Nxe4 17. Nxe4 Qa5 18. a3 f5 19. Nd6 {½-½ (19) Koerber,M (2064)-Fehling,M (2200) Gelsenkirchen 2013}) 15. axb3 e4 16. Ngxe4 Nxe4 17. Nxe4 Bxa1 18. Rxa1 {Black should prevent Nf6+.} Kf8 19. e3 Rd8 20. Nd6 Ke7 21. b4 Rxd6 (21... a5 $17) 22. cxd6+ $11 Kxd6 $17 {[%mdl 4096] Endgame KRB-KRB} 23. c5+ Kc7 24. Kf1 b6 25. cxb6+ Kxb6 26. b5 {[%mdl 64] Decoy} Kxb5 27. Rb1+ Kc5 28. Rc1+ Kb4 29. Rb1+ ({Don't blunder} 29. Rxc6 $2 Bb7 $19) 29... Kc3 30. Bxc6 Bh3+ 31. Ke2 Rd8 32. Ra1 Rd6 33. Be4 a6 34. Bb7 Bg4+ 35. f3 Be6 36. Ke1 (36. e4 $11) 36... Bc4 $15 37. Rc1+ (37. Be4 $15) 37... Kb4 $17 38. Rb1+ Kc5 39. Be4 a5 40. Bc2 Rb6 ({Black should play} 40... Bd3 $17 41. Rb2 Bxc2 42. Rxc2+ Kb4 43. Rb2+ Kc3) 41. Rxb6 $11 Kxb6 {KB-KB} 42. Kd2 Kc5 43. Kc3 Bb5 44. h4 h6 45. Bb3 Be8 46. f4 f6 47. Bg8 a4 48. Ba2 g5 49. hxg5 hxg5 50. e4 Bg6 51. Bb1 Bf7 52. e5 {[#]} (52. Kb2 $1 $11) 52... fxe5 $1 $17 53. fxg5 Bg8 (53... a3 $17 {And now ...a2 would win.} 54. Bd3 Kd6) 54. Bc2 (54. Kb2 $11) 54... a3 55. Bf5 Kd6 56. Be4 Kc5 57. Bf5 Kc6 58. Be4+ Kd6 59. Bf5 Bd5 60. Bd3 Ke7 61. Bf5 (61. Kc2 $17) 61... Kf8 $15 62. g6 ({Better is} 62. Kc2) 62... Kg7 $17 63. Bd3 Kf6 64. Bc2 Kg5 65. Bd3 Bg8 66. Bc2 Kg4 67. Be4 Kxg3 68. Kc2 Kf4 {( -> ...a2)} 69. Bc6 $2 {[%mdl 8192] Loses the game.} (69. Bd3 $17) 69... Kf5 $19 70. Be8 e4 {Black mates.} 71. Bf7 {[#]} a2 $1 72. Kb2 {[#]} e3 $1 73. Bxg8 e2 {Weighted Error Value: White=0.17/Black=0.12} 0-1

[Event "Manx Liberty Masters 2021"]
[Site "Douglas, Isle of Man"]
[Date "2021.09.20"]
[Round "3.2"]
[White "Kolbus, Dietmar"]
[Black "Csonka, Balazs"]
[Result "1/2-1/2"]
[WhiteElo "2295"]
[BlackElo "2496"]
[Annotator "ChessBase"]
[PlyCount "64"]
[EventDate "2021.09.18"]
[EventType "tourn"]
[EventCountry "GBR"]
[SourceTitle "playchess.com"]
[Source "ChessBase"]
[SourceQuality "1"]
[TimeControl "40/5400+30:900+30"]

1. Nf3 {[%emt 0:00:00]} d5 {[%emt 0:00:00]} 2. d4 {[%emt 0:00:00]} Nf6 {[%emt 0:00:00]} 3. c4 {[%emt 0:00:00]} e6 {[%emt 0:00:00]} 4. Nc3 {[%emt 0:00:00]} Ne4 {[%emt 0:00:00]} 5. e3 {[%emt 0:04:32]} Bb4 {[%emt 0:00:00]} 6. Bd2 {[%emt 0:01:04]} Nxd2 {[%emt 0:00:00]} 7. Qxd2 {[%emt 0:00:08]} O-O {[%emt 0:00:00]} 8. a3 {[%emt 0:00:22]} Be7 {[%emt 0:00:00]} 9. b4 {[%emt 0:00:27]} c6 {[%emt 0:03:01]} 10. Be2 {[%emt 0:00:31]} Nd7 {[%emt 0:15:23]} 11. O-O {[%emt 0:00:29]} dxc4 {[%emt 0:00:22]} 12. Bxc4 {[%emt 0:00:22]} b6 {[%emt 0:00:07]} 13. Qe2 {[%emt 0:07:56]} Bb7 {[%emt 0:10:46]} 14. Rfc1 {[%emt 0:05:06]} Qb8 {[%emt 0:15:53]} 15. Ba6 {[%emt 0:05:56]} Rd8 {[%emt 0:04:48]} 16. h3 {[%emt 0:16:32]} h6 {[%emt 0:04:16]} 17. Rc2 {[%emt 0:04:50]} Qc8 {[%emt 0:02:46]} 18. Bxb7 {[%emt 0:02:01]} Qxb7 {[%emt 0:00:08]} 19. Rb1 {[%emt 0:10:41]} a5 {[%emt 0:06:20]} 20. Rcb2 {[%emt 0:07:02]} axb4 {[%emt 0:06:43]} 21. axb4 {[%emt 0:00:11]} Ra3 {[%emt 0:00:44]} 22. Qc2 {[%emt 0:01:10]} Rda8 {[%emt 0:04:07]} 23. Ne4 {[%emt 0:04:06]} Ra1 {[%emt 0:03:05]} 24. Nc3 {[%emt 0:11:29]} b5 {[%emt 0:06:09]} 25. Ne4 {[%emt 0:01:45]} R8a4 {[%emt 0:03:30]} 26. Nc5 {[%emt 0:07:56]} Bxc5 {[%emt 0:03:35]} 27. dxc5 {[%emt 0:00:55]} Nf6 {[%emt 0:01:02]} 28. e4 {[%emt 0:00:55]} Qc7 {[%emt 0:03:06]} 29. g3 {[%emt 0:00:52]} Nd7 {[%emt 0:00:55]} 30. Rxa1 {[%emt 0:00:52]} Rxa1+ {[%emt 0:00:08]} 31. Kg2 {[%emt 0:00:04]} Ne5 {[%emt 0:01:56]} 32. Ra2 {[%emt 0:01:54]} Rxa2 {[%emt 0:02:14]} 1/2-1/2

[Event "Manx Liberty Masters 2021"]
[Site "Douglas, Isle of Man"]
[Date "2021.09.20"]
[Round "3.3"]
[White "Gavrilescu, David"]
[Black "Parligras, Mircea-Emilian"]
[Result "1/2-1/2"]
[WhiteElo "2477"]
[BlackElo "2583"]
[Annotator "TA"]
[PlyCount "70"]
[EventDate "2021.09.18"]
[EventType "tourn"]
[EventCountry "GBR"]
[SourceTitle "playchess.com"]
[Source "ChessBase"]
[SourceQuality "1"]

{[%evp 16,70,14,16,21,11,6,8,11,3,16,-4,0,4,1,1,11,2,7,4,6,7,11,3,9,0,15,21,26,15,15,13,27,0,0,0,0,0,0,0,0,0,0,0,0,0,0,0,0,0,0,0,0,0,0,0,0]} 1. e4 e5 2. Nf3 Nc6 3. Bb5 Nf6 4. O-O Nxe4 5. Re1 Nd6 6. Nxe5 Nxe5 7. Rxe5+ Be7 8. Bf1 O-O 9. d4 Ne8 {C67: Ruy Lopez: Berlin Defence: 4 0-0 Nxe4.} 10. Nc3 {[%cal Bb1c3,Bc3e2,Be2f4][%mdl 32]} Bf6 11. Re1 d5 12. Ne2 c6 13. Nf4 {[#]} Nd6 $146 ({Predecessor:} 13... g6 14. c3 Nd6 15. Nd3 Re8 16. Bf4 Rxe1 17. Qxe1 Bf5 18. Nc5 b6 19. Nd3 Bxd3 20. Bxd3 Qd7 21. Qd2 Re8 22. Re1 Rxe1+ 23. Qxe1 Qe7 {½-½ (23) Gavrilescu,D (2274)-Parligras,M (2458) Bucharest 2019}) 14. c3 Bf5 15. Bd3 Bxd3 16. Nxd3 Bg5 17. Qg4 Bxc1 18. Raxc1 Qc7 19. g3 Rae8 20. Qf4 Rxe1+ 21. Rxe1 Re8 22. Rxe8+ Nxe8 23. Qxc7 Nxc7 $11 {[%mdl 4096] Endgame KN-KN} 24. Kf1 Ne6 {The position is equal.} 25. Ke2 Kf8 26. Ke3 Ke7 27. h4 g6 28. Nf4 Nxf4 29. Kxf4 {KP-KP} Kf6 30. g4 h6 31. g5+ hxg5+ 32. hxg5+ Ke6 33. Kg4 Ke7 34. Kf4 Ke6 35. Kg4 Ke7 {Not much happened in this game.  Weighted Error Value: White=0.03/Black=0.02} 1/2-1/2

[Event "Manx Liberty Masters 2021"]
[Site "Douglas, Isle of Man"]
[Date "2021.09.20"]
[Round "3.4"]
[White "Galyas, Miklos"]
[Black "Piorun, Kacper"]
[Result "0-1"]
[WhiteElo "2448"]
[BlackElo "2638"]
[Annotator "TA"]
[PlyCount "126"]
[EventDate "2021.09.18"]
[EventType "tourn"]
[EventCountry "GBR"]
[SourceTitle "playchess.com"]
[Source "ChessBase"]
[SourceQuality "1"]

{[%evp 16,126,52,42,52,47,64,38,33,50,45,37,33,34,39,29,26,0,29,34,47,48,44,12,24,18,25,17,23,15,7,7,0,0,0,-30,0,0,0,0,0,0,11,17,17,18,38,0,0,0,0,0,0,0,0,0,0,-10,-18,-21,-20,-8,0,-8,-8,-8,4,4,0,0,0,0,0,0,0,-8,0,-210,-216,-209,-183,-215,-207,-201,-196,-180,-111,-722,-716,-630,-436,-430,-401,-525,-525,-556,-547,-508,-516,-512,-455,-447,-442,-420,-425,-554,-548,-672,-663,-654,-643,-523,-508]} 1. c4 e5 2. g3 Nf6 3. Bg2 c6 4. Nf3 d6 5. O-O Be7 6. Nc3 O-O 7. Qc2 Re8 8. d4 Nbd7 9. e4 a6 10. Rd1 Qc7 11. a4 a5 {White is slightly better.} 12. h3 Bf8 13. Be3 exd4 14. Nxd4 Nc5 15. Rab1 g6 16. Bf4 Nfd7 17. b3 Ne5 18. Be3 Qe7 19. f4 Ned7 20. Re1 Bg7 21. Rbd1 Na6 22. Bf2 Ndc5 23. Qb1 Bd7 24. Nde2 Rad8 25. Bd4 Bc8 26. Bxg7 Kxg7 27. Nd4 Qf6 28. Qc1 Rd7 29. Rf1 Kg8 30. f5 g5 31. Nf3 Nxb3 32. Qxg5+ Qxg5 33. Nxg5 Nbc5 34. h4 f6 35. Nh3 Nb4 {[%cal Ba6b4,Bb4c2,Bc2a3,Ba3c4,Bc4e5][%mdl 32]} 36. Nf4 Nc2 37. Kf2 Na3 38. g4 h6 39. Bf3 Nxc4 40. Rg1 Red8 41. g5 hxg5 42. hxg5 fxg5 43. f6 Ne5 44. Rxg5+ Kf7 45. Rf5 {[#] Threatens to win with Bh5+.} Rg8 46. Rh1 $2 (46. Bh5+ $11 {and White stays safe.} Kf8 47. Rd4) 46... Kf8 $19 47. Rd1 Nxf3 48. Kxf3 Rh7 49. Rxd6 Bxf5 50. exf5 {[#]} Kf7 (50... Rh1 $1 $19 {[%cal Rh1f1] aiming for ...Rf1+.} 51. Ne4 Nxe4 52. Ne6+ Kf7 53. Kxe4 Kxf6 54. Nc5+ Kg7 55. Rd7+ Kh6 56. Rd6+ Kg7 57. Nxb7 Rh4+ 58. Kf3 Rxa4) 51. Ng6 $2 {[%mdl 8192] White does not recover from this.} (51. Ne4 $17 Nxe4 52. Kxe4 Re8+ 53. Kf3) 51... Rh3+ 52. Kf4 Rxg6 (52... Rxc3 53. Ne5+ Ke8 54. f7+ Ke7 55. fxg8=Q Kxd6 56. Qd8+ Nd7 57. Qxd7+ Kc5 58. f6) 53. fxg6+ Kxg6 {[%mdl 4096] Endgame KRN-KRN} 54. Ne2 {If only White now had time for Kg4....} Rh4+ 55. Kf3 Rxa4 56. Nf4+ Kf7 57. Nh3 {Hoping for Ng5+.} Ne6 58. Rd7+ Kxf6 59. Rxb7 Ra3+ 60. Kg4 {Black is clearly winning.} Ke5 61. Rb1 c5 62. Re1+ Kd5 63. Nf2 a4 {Weighted Error Value: White=0.31/Black=0.10} 0-1

[Event "Manx Liberty Masters 2021"]
[Site "Douglas, Isle of Man"]
[Date "2021.09.20"]
[Round "3.5"]
[White "Lupulescu, Constantin"]
[Black "Erdos, Viktor"]
[Result "1/2-1/2"]
[WhiteElo "2660"]
[BlackElo "2622"]
[Annotator "TA"]
[PlyCount "61"]
[EventDate "2021.09.18"]
[EventType "tourn"]
[EventCountry "GBR"]
[SourceTitle "playchess.com"]
[Source "ChessBase"]
[SourceQuality "1"]

{[%evp 11,61,26,26,26,20,12,16,24,32,14,50,49,57,52,50,50,49,49,52,16,15,-8,22,16,29,20,24,26,26,23,70,44,59,55,52,57,44,0,36,0,0,0,0,-6,0,-23,-12,0,0,0,0,0]} 1. d4 Nf6 2. c4 g6 3. Nf3 Bg7 4. e3 O-O 5. h3 d6 6. Nc3 Nbd7 {[%cal Bb8d7,Bd7f8,Bf8h7,Bh7g5][%mdl 32]} 7. Be2 {E61: King's Indian: Early deviations for White, including Smyslov System.} e5 8. O-O Re8 9. Qc2 Qe7 10. b4 e4 11. Nd2 Nf8 12. Bb2 h5 13. Rfc1 Bf5 {[#]} 14. Nf1 $146 ({Predecessor:} 14. Nd5 Qd8 15. b5 Ne6 16. Rab1 Nd7 17. Qd1 h4 18. Nb3 Ndf8 19. c5 Qg5 20. Nf4 Nxf4 21. exf4 Qxf4 22. cxd6 e3 23. Bd3 exf2+ {0-1 (23) Acosta,P (2060)-Rodrigues,E (2322) Caioba 2019}) 14... N8h7 15. Qd1 Ng5 16. Nh2 Bh6 17. Bf1 Rad8 18. d5 a6 19. Ne2 Bg7 20. a4 {[%cal Ba2a4,Ba4a5][%mdl 32]} h4 21. a5 Nd7 22. Bxg7 Kxg7 23. Nd4 Ne5 24. c5 (24. Qb3 {looks sharper.} Bc8 25. b5 Nh7 26. Qc2 Nf6 27. Be2) 24... dxc5 25. Rxc5 c6 $1 26. dxc6 Nxc6 27. Nxf5+ gxf5 28. Qb3 Ne5 29. Rd1 {The position is equal.} Kg6 30. Be2 Rxd1+ 31. Qxd1 {Weighted Error Value: White=0.08/Black=0.08} 1/2-1/2

[Event "Manx Liberty Masters 2021"]
[Site "Douglas, Isle of Man"]
[Date "2021.09.21"]
[Round "4.1"]
[White "McShane, Luke J"]
[Black "Erdos, Viktor"]
[Result "1-0"]
[WhiteElo "2674"]
[BlackElo "2622"]
[Annotator "TA"]
[PlyCount "69"]
[EventDate "2021.09.18"]
[EventType "tourn"]
[EventCountry "GBR"]
[SourceTitle "playchess.com"]
[Source "ChessBase"]
[SourceQuality "1"]

{[%evp 16,69,40,4,2,12,10,0,0,0,13,16,21,37,56,33,95,66,75,41,66,50,38,43,47,43,47,43,43,46,45,40,54,60,66,42,45,41,52,57,66,22,26,13,100,119,176,170,193,193,193,194,224,224,222,222]} 1. e4 e5 2. Nf3 Nc6 3. Bb5 a6 4. Ba4 Nf6 5. O-O b5 6. Bb3 Bc5 7. c3 d6 8. d4 Bb6 9. Be3 O-O {C78: Ruy Lopez: Archangelsk and Möller Defences.} 10. Nbd2 {[%cal Bb1d2,Bd2f1,Bf1g3,Bg3h5][%mdl 32]} Re8 11. h3 Rb8 {The position is equal.} 12. Re1 Bb7 13. Bc2 h6 14. a3 {[#]} a5 $146 ({Predecessor:} 14... Nd7 15. Nf1 Ne7 16. Ng3 Ng6 17. Qd2 exd4 18. cxd4 Nf6 19. Bxh6 gxh6 20. Qxh6 Re6 {1-0 (33) Vazquez,G (3010)-Praggnanandhaa,R (2779) Chess.com INT 2020}) 15. Nf1 Na7 (15... exd4 $14 16. cxd4 Na7) 16. Ng3 $16 exd4 17. Bxd4 c5 18. Bxf6 Qxf6 19. Nh5 Qe7 20. Nf4 c4 21. Nd5 Bxd5 22. Qxd5 Qe6 23. Rad1 Qxd5 24. Rxd5 Bc7 25. Red1 Kf8 26. g3 Re7 27. Kg2 Nc6 28. Nd4 Nxd4 29. R1xd4 Bb6 (29... Re5 $11 {remains equal.}) 30. Rxb5 Reb7 (30... Re5 $16 31. Rdd5 Rxd5 32. exd5 (32. Rxd5 Bc5 $15) 32... Ke8) 31. Rxc4 {White is clearly better.} Bxf2 {[#]} 32. Rc8+ $3 {[%mdl 576] Deflection} Rxc8 33. Rxb7 Bd4 34. Bb3 ({Don't do} 34. cxd4 $6 Rxc2+ 35. Kf3 a4 $16) 34... Be5 35. Bxf7 {Weighted Error Value: White=0.07/Black=0.18} 1-0

[Event "Manx Liberty Masters 2021"]
[Site "Douglas, Isle of Man"]
[Date "2021.09.21"]
[Round "4.2"]
[White "Piorun, Kacper"]
[Black "Lupulescu, Constantin"]
[Result "0-1"]
[WhiteElo "2638"]
[BlackElo "2660"]
[Annotator "TA"]
[PlyCount "132"]
[EventDate "2021.09.18"]
[EventType "tourn"]
[EventCountry "GBR"]
[SourceTitle "playchess.com"]
[Source "ChessBase"]
[SourceQuality "1"]

{[%evp 17,132,0,0,0,4,-7,0,0,0,-4,-3,-39,-42,-41,-34,-43,-40,-53,-39,-45,-50,-51,-61,-102,-79,-75,-73,-80,-78,-112,-81,-80,-61,-85,-61,-55,-34,-36,-22,-22,-15,-19,-20,-24,-20,-96,-98,-79,-87,-108,-43,-304,-303,-997,-239,-243,-100,-97,-92,-82,-81,-93,-86,-79,-19,-40,-42,-42,-10,-50,-56,-51,-57,-57,0,-3,0,-45,-16,-116,-84,-129,-110,-129,-129,-129,-118,-207,-207,-206,-202,-268,-264,-503,-490,-441,-411,-29962,-29967,-29969,-29969,-29970,-12347,-29972,-2161,-2161,0,-29972,-29973,-29970,-29971,-29971,-29972,-6412,-5645,-5117,-4062]} 1. e4 e6 2. d4 d5 3. e5 c5 4. c3 Nc6 5. Nf3 Bd7 6. Be2 Nge7 7. Na3 cxd4 8. cxd4 Nf5 9. Nc2 Be7 10. O-O {C02: French: Advance Variation.} O-O $1 {10...0-0 is better than 10...Qb6.} 11. Rb1 {[#]} f6 $146 ({Predecessor:} 11... a5 12. a3 a4 13. Bd2 Rc8 14. Bd3 f6 15. g4 fxe5 16. dxe5 Nh4 17. Ncd4 Nxd4 18. Nxd4 {0-1 (28) Marrero Lopez,Y (2281)-Sedina,E (2267) Batumi 2018}) 12. g4 {The position is equal.} Nh6 13. exf6 Rxf6 14. g5 {[#]} (14. Ne5 {looks sharper.} Rf8 15. Nxd7 Qxd7 16. f4 Nf7 17. Bd3) 14... Rxf3 15. Bxf3 Bxg5 16. Be3 Qf6 {[%mdl 1024] Black has compensation.} 17. Bg2 Nf5 18. Qg4 Bh4 19. Rbd1 Rf8 20. Qe2 Be8 21. b4 a6 22. a4 Nd6 23. Bc1 Bg6 24. Bb2 Ne4 {[%cal Rh4f2]} 25. f3 Nd6 26. Bc3 Bxc2 27. Qxc2 Nc4 28. Qe2 Ne7 29. Be1 Bg5 {And now ...Ne3 would win.} 30. f4 Bxf4 31. Bg3 (31. Rd3 $11 {keeps the balance.}) 31... Be3+ $1 $17 32. Kh1 Nf5 33. Bh3 Qg6 (33... Qh6 $1 $17 34. Qg2 Nxd4 35. Rxf8+ Kxf8) 34. Qf3 {[%mdl 8192]} (34. b5 $15) 34... Nd2 $19 35. Rxd2 (35. Qe2 Nxf1 36. Rxf1 Nxg3+ 37. hxg3 Qe4+ 38. Bg2 Rxf1+ 39. Qxf1 Qxd4 40. Qe2) 35... Bxd2 $2 (35... Nxg3+ 36. hxg3 Rxf3 37. Rxf3 Bxd2) 36. Be5 Qh6 (36... Be3 $19 {and Black stays clearly on top.} 37. Qg2 Qxg2+ 38. Kxg2 Nh4+ 39. Kh1 Rxf1+ 40. Bxf1 Kf7) 37. Qg2 $17 Qg5 38. Rg1 Qxg2+ 39. Rxg2 Bh6 {...Rc8 is the strong threat.} 40. Rc2 b5 ({Black should try} 40... g6 $1 $17 {Hoping for ...Bg7.} 41. Bxf5 exf5) 41. axb5 axb5 42. Rc5 Ra8 43. Rxb5 (43. Bxf5 $5 exf5 44. Rxd5 $15) 43... Ra1+ 44. Kg2 Ra2+ 45. Kf1 Ra1+ ({Better is} 45... Kf7 $15) 46. Ke2 Ra2+ 47. Kf1 Rb2 48. Rb8+ (48. Rb7 $11) 48... Kf7 {Black converts the advantage convincingly.} 49. Rb7+ Kg6 50. b5 Rb3 51. Bxf5+ exf5 {[%mdl 4096] Endgame KRB-KRB} 52. Kg2 (52. b6 $17) 52... f4 $19 53. b6 Kh5 54. Bxg7 f3+ $1 55. Kf2 $2 {[#]} (55. Kh3 {was the only chance.} f2+ 56. Kg2) 55... Bg5 $1 {[%cal Rg5h4]} ({Weaker is} 55... Be3+ 56. Kxf3 Bxd4+ 57. Kf4 $11) 56. Be5 {[#]} Kg4 $1 {( -> ...Be3+)} 57. h3+ (57. Rg7 $19 Rb2+ 58. Ke1 Rxb6 59. h3+ Kf5 60. Kf2) 57... Kxh3 58. Rxh7+ Kg4 59. Rg7 Rb2+ 60. Kf1 Rb1+ (60... Rxb6 $142 61. Bc7 Rb1+ 62. Kf2 Rb2+ 63. Kf1 Kf5 64. Ba5 Bh4 65. Kg1 Rb1+ 66. Kh2 f2 67. Rf7+ Ke6 68. Rxf2 Bxf2 69. Bd8 Kf5 70. Kg2 Bxd4 71. Kf3 Rb3+ 72. Kg2 Kg4 73. Bc7 Be3 74. Be5 d4 75. Bf6 d3 76. Bh8 d2 77. Bc3 d1=Q 78. Be1 Rb2+ 79. Kh1 Qxe1#) 61. Kf2 Rb2+ (61... Rxb6 $19 62. Rxg5+ Kxg5 63. Kxf3 Kf5) 62. Kf1 Rxb6 63. Rg8 Rb1+ 64. Kf2 Rb2+ 65. Kg1 Kf5 66. Rf8+ Ke4 {Weighted Error Value: White=0.61/Black=0.33} 0-1

[Event "Manx Liberty Masters 2021"]
[Site "Douglas, Isle of Man"]
[Date "2021.09.21"]
[Round "4.3"]
[White "Parligras, Mircea-Emilian"]
[Black "Galyas, Miklos"]
[Result "1-0"]
[WhiteElo "2583"]
[BlackElo "2448"]
[Annotator "TA"]
[PlyCount "69"]
[EventDate "2021.09.18"]
[EventType "tourn"]
[EventCountry "GBR"]
[SourceTitle "playchess.com"]
[Source "ChessBase"]
[SourceQuality "1"]

{[%evp 9,69,20,31,18,18,25,35,18,29,17,43,25,22,16,22,16,13,7,8,14,16,22,27,24,28,26,36,15,35,24,34,0,0,16,15,10,107,108,131,73,147,147,147,147,147,147,284,269,252,242,1154,752,1086,1047,1404,1000,1218,1216,1202,1123,1854,1875]} 1. d4 d5 2. c4 c6 3. Nf3 Nf6 4. Nc3 a6 5. e3 Bf5 6. Ne5 {D15: Slav Defence: 4 Nc3 a6 and gambit lines after 4 Nc3 dxc4.} Nbd7 7. Qb3 Qc7 8. cxd5 {White is slightly better.} Nxe5 9. dxe5 Nxd5 10. Bc4 {aiming for e4.} e6 11. e4 $1 {[%cal Rc4d5][%mdl 64] [#] Double Attack} Nxc3 12. exf5 Nd5 13. Bxd5 {And now Bc4 would win.} Qa5+ 14. Bd2 Qxd5 15. Qxd5 exd5 16. Ke2 Bc5 {[#]} 17. f4 $146 ({Predecessor:} 17. Rac1 Bd4 18. f4 g6 19. Kd3 Bf2 20. Rcf1 Bc5 21. fxg6 hxg6 22. h4 Kd7 23. g4 {½-½ (51) Meiners,E (2360)-Garau,B (2290) ICCF email 2015}) 17... Kd7 18. Bc3 Rhe8 19. Kd3 Bb6 20. b4 a5 {...axb4 is the strong threat.} 21. a3 axb4 22. axb4 c5 (22... Rxa1 $11 {remains equal.} 23. Rxa1 g6) 23. bxc5 $16 Bxc5 24. g4 (24. Bd4 $142 b6 25. g4) 24... Kc6 (24... b5 $142) 25. Bd4 b6 26. h4 g6 27. f6 h5 (27... Rec8 $16 28. Rhe1 Rg8) 28. g5 $18 Kd7 {[#]} 29. Rhc1 $1 Kc6 $2 (29... Rxa1 30. Rxa1 Ke6) 30. f5 {White is clearly winning.} Rxa1 31. Rxa1 gxf5 32. Ra7 f4 33. g6 fxg6 34. f7 {[%cal Rf7e8]} Rf8 35. e6 {Weighted Error Value: White=0.11/Black=0.23} 1-0

[Event "Manx Liberty Masters 2021"]
[Site "Douglas, Isle of Man"]
[Date "2021.09.21"]
[Round "4.4"]
[White "Csonka, Balazs"]
[Black "Gavrilescu, David"]
[Result "1/2-1/2"]
[WhiteElo "2496"]
[BlackElo "2477"]
[Annotator "ChessBase"]
[PlyCount "63"]
[EventDate "2021.09.18"]
[EventType "tourn"]
[EventCountry "GBR"]
[SourceTitle "playchess.com"]
[Source "ChessBase"]
[SourceQuality "1"]
[TimeControl "40/5400+30:900+30"]

1. e4 {[%emt 0:00:00]} e6 {[%emt 0:00:00]} 2. d4 {[%emt 0:00:00]} d5 {[%emt 0:00:00]} 3. Nc3 {[%emt 0:00:00]} Nf6 {[%emt 0:00:00]} 4. Bg5 {[%emt 0:00:00]} dxe4 {[%emt 0:00:00]} 5. Nxe4 {[%emt 0:00:00]} Be7 {[%emt 0:00:00]} 6. Nxf6+ {[%emt 0:00:00]} Bxf6 {[%emt 0:00:00]} 7. Bxf6 {[%emt 0:00:00]} Qxf6 {[%emt 0:00:00]} 8. Nf3 {[%emt 0:00:00]} O-O {[%emt 0:00:00]} 9. Qd3 {[%emt 0:00:00]} c5 {[%emt 0:02:07]} 10. O-O-O {[%emt 0:00:00]} cxd4 {[%emt 0:02:28]} 11. Qxd4 {[%emt 0:00:00]} Qxd4 {[%emt 0:06:28]} 12. Nxd4 {[%emt 0:00:00]} Bd7 {[%emt 0:03:50]} 13. Be2 {[%emt 0:08:20]} a6 {[%emt 0:09:04]} 14. f4 {[%emt 0:12:42]} Rc8 {[%emt 0:04:33]} 15. Rd2 {[%emt 0:07:08]} Kf8 {[%emt 0:04:22]} 16. Rhd1 {[%emt 0:05:20]} Be8 {[%emt 0:05:30]} 17. b3 {[%emt 0:05:16]} b5 {[%emt 0:10:30]} 18. Kb2 {[%emt 0:02:46]} Ra7 {[%emt 0:01:38]} 19. c4 {[%emt 0:05:54]} bxc4 {[%emt 0:06:11]} 20. Bxc4 {[%emt 0:00:19]} Nc6 {[%emt 0:07:35]} 21. Nxc6 {[%emt 0:09:45]} Bxc6 {[%emt 0:02:01]} 22. Rd8+ {[%emt 0:00:30]} Rxd8 {[%emt 0:00:08]} 23. Rxd8+ {[%emt 0:00:04]} Ke7 {[%emt 0:00:10]} 24. Rd2 {[%emt 0:00:08]} a5 {[%emt 0:03:46]} 25. g3 {[%emt 0:01:49]} h6 {[%emt 0:05:41]} 26. Re2 {[%emt 0:06:32]} Kd6 {[%emt 0:00:43]} 27. Kc3 {[%emt 0:12:36]} Bd7 {[%emt 0:04:02]} 28. h4 {[%emt 0:04:29]} f6 {[%emt 0:00:41]} 29. Rd2+ {[%emt 0:04:19]} Ke7 {[%emt 0:02:13]} 30. Kd4 {[%emt 0:04:35]} Kd6 {[%emt 0:00:40]} 31. Kc3+ {[%emt 0:05:26]} Ke7 {[%emt 0:00:10]} 32. Kd4 {[%emt 0:00:05]} 1/2-1/2